[Event "2. Bundesliga Ost 2015/2016"]
[Site "Wien"]
[Date "2016.03.06"]
[Round "8"]
[Board "5"]
[White "Wandl, Werner"]
[Black "Morgunov, Daniel"]
[Result "0-1"]
[WhiteElo "2073"]
[BlackElo "2109"]
[PlyCount "112"]
[EventDate "2015.10.17"]
[EventType "team"]
[EventRounds "11"]
[EventCountry "AUT"]
[WhiteTeam "SC Data Technology Pressbaum/E."]
[BlackTeam "tschaturanga"]

1. e4 c5 2. Nc3 Nc6 3. g3 g6 4. Bg2 Bg7 5. d3 e6 6. Be3 d6 7. Qd2 Rb8 8. Nf3
Nd4 9. Bxd4 cxd4 10. Nb5 Qb6 11. Qb4 Kd7 12. Qa4 Kd8 13. Qb4 Qc5 14. a3 Ke7 15.
Nbxd4 a5 16. Qc3 Kf8 17. Rb1 b6 18. Qxc5 bxc5 19. Nc6 Rb6 20. Nxa5 Bc3+ 21.
bxc3 Rxb1+ 22. Kd2 Rxh1 23. Bxh1 Ba6 24. Nc6 Ne7 25. Nxe7 Kxe7 26. c4 Rb8 27.
Kc1 Bb7 28. Nd2 Bc6 29. Nb3 f5 30. f4 h6 31. h4 g5 32. hxg5 hxg5 33. Bf3 g4 34.
Be2 Rh8 35. Nd2 Rh2 36. Kd1 Rg2 37. Nf1 Kf6 38. Kd2 Ba4 39. c3 Bc6 40. Ke3 Rg1
41. exf5 exf5 42. d4 Rh1 43. Bd3 Rh8 44. Kd2 Ra8 45. Ne3 cxd4 46. cxd4 Rxa3 47.
Bxf5 Rxe3 48. Kxe3 Kxf5 49. d5 Ba4 50. Kd4 Bb3 51. c5 dxc5+ 52. Kxc5 Ke4 53. d6
Ba4 54. Kb6 Kd5 55. Kc7 Ke6 56. f5+ Kxf5 0-1

[Event "2. Bundesliga Ost 2015/2016"]
[Site "Wien"]
[Date "2016.03.06"]
[Round "8"]
[Board "6"]
[White "Morgunov, Marc"]
[Black "Hudec, Marcus"]
[Result "0-1"]
[WhiteElo "1886"]
[BlackElo "2041"]
[PlyCount "66"]
[EventDate "2015.10.17"]
[EventType "team"]
[EventRounds "11"]
[EventCountry "AUT"]
[WhiteTeam "tschaturanga"]
[BlackTeam "SC Data Technology Pressbaum/E."]

1. e4 c5 2. Nc3 Nc6 3. f4 e6 4. Nf3 g6 5. Bc4 Bg7 6. f5 Nge7 7. fxe6 dxe6 8. d3
O-O 9. O-O h6 10. Qe1 Nd4 11. Nxd4 cxd4 12. Ne2 Nc6 13. Kh1 Na5 14. b3 a6 15.
a4 Bd7 16. Bd2 Nxc4 17. bxc4 e5 18. a5 f5 19. exf5 gxf5 20. Rb1 Bc6 21. Ng3 Qd7
22. Bb4 Rf7 23. Rd1 Re8 24. c3 e4 25. cxd4 exd3 26. Qd2 Qxd4 27. Rxf5 Rxf5 28.
Nxf5 Qg4 29. Ne7+ Rxe7 30. Bxe7 Bxg2+ 31. Qxg2 Qxd1+ 32. Qg1 Qxg1+ 33. Kxg1 d2
 0-1

[Event "2. Bundesliga Ost 2015/2016"]
[Site "Wien"]
[Date "2016.03.06"]
[Round "8"]
[Board "1"]
[White "Weinzettl, Ernst"]
[Black "Polak, Tomas"]
[Result "0-1"]
[WhiteElo "2299"]
[BlackElo "2525"]
[PlyCount "88"]
[EventDate "2015.10.17"]
[EventType "team"]
[EventRounds "11"]
[EventCountry "AUT"]
[WhiteTeam "ASVOE VHS Poechlarn"]
[BlackTeam "SK Hietzing"]

1. e4 c6 2. Nc3 d5 3. Nf3 Bg4 4. h3 Bxf3 5. Qxf3 e6 6. d4 Nf6 7. Bd3 dxe4 8.
Nxe4 Nbd7 9. O-O Be7 10. c3 Nxe4 11. Bxe4 Qc7 12. Re1 O-O 13. Bc2 Rfe8 14. Bf4
Bd6 15. Bg5 Qa5 16. Qg4 Nf8 17. h4 Be7 18. Bxe7 Rxe7 19. Re3 Rae8 20. Rg3 g6
21. h5 e5 22. hxg6 hxg6 23. dxe5 Rxe5 24. Bb3 Qc7 25. f4 Re4 26. Rf1 Qe7 27.
Qf3 Qc5+ 28. Qf2 Qxf2+ 29. Rxf2 Re1+ 30. Kh2 R8e2 31. Rgf3 Nd7 32. Bc4 Re4 33.
Bd3 R4e3 34. Bc4 Rxf3 35. Rxf3 b5 36. Bb3 Re2 37. f5 Ne5 38. Rg3 Kg7 39. fxg6
fxg6 40. Kg1 Rxb2 41. Kf1 a5 42. Re3 Kf6 43. Rh3 a4 44. Bg8 Rd2 0-1

[Event "2. Bundesliga Ost 2015/2016"]
[Site "Wien"]
[Date "2016.03.06"]
[Round "8"]
[Board "2"]
[White "Vyskocil, Neklan"]
[Black "Loeffler, Stefan"]
[Result "0-1"]
[WhiteElo "2364"]
[BlackElo "2386"]
[PlyCount "182"]
[EventDate "2015.10.17"]
[EventType "team"]
[EventRounds "11"]
[EventCountry "AUT"]
[WhiteTeam "SK Hietzing"]
[BlackTeam "ASVOE VHS Poechlarn"]

1. d4 Nf6 2. Nf3 c6 3. e3 g6 4. c4 Bg7 5. Nc3 O-O 6. h3 d6 7. Be2 a6 8. O-O b5
9. a3 Nbd7 10. e4 Rb8 11. e5 Ne8 12. exd6 exd6 13. Bg5 Ndf6 14. cxb5 axb5 15.
Qd2 Nc7 16. Rac1 Bf5 17. Bd3 Bxd3 18. Qxd3 Qd7 19. Bxf6 Bxf6 20. Ne4 Bg7 21.
Rfe1 Nd5 22. Nc3 Nxc3 23. Qxc3 c5 24. Qd2 Qf5 25. Qc2 Qxc2 26. Rxc2 c4 27. Re7
Rfd8 28. d5 Bf6 29. Rc7 Rbc8 30. Rxc8 Rxc8 31. Kf1 Rc5 32. Rd2 c3 33. bxc3 Rxc3
34. Nd4 Bxd4 35. Rxd4 Rxa3 36. Rb4 Ra5 37. Ke2 Kf8 38. Ke3 Ke7 39. Kd3 Kd7 40.
Rb2 Kc7 41. Rc2+ Kb7 42. Re2 Kb6 43. Rc2 Ra3+ 44. Kd4 Ra4+ 45. Kd3 Rc4 46. Re2
Rf4 47. g3 Rf3+ 48. Ke4 Ra3 49. Kd4 b4 50. Re7 Rf3 51. Kc4 b3 52. Re8 Kb7 53.
Re2 Ka6 54. Kb4 Kb6 55. Rd2 g5 56. Re2 h5 57. h4 gxh4 58. gxh4 Rh3 59. Rd2
Rxh4+ 60. Kxb3 Kc5 61. Rd3 Rf4 62. Rh3 h4 63. Kc3 Kxd5 64. Kd3 Rxf2 65. Rxh4
Rf3+ 66. Ke2 Ra3 67. Rf4 Ke6 68. Re4+ Kf5 69. Re7 f6 70. Rd7 Ke6 71. Rd8 f5 72.
Re8+ Kd5 73. Rf8 Ke4 74. Re8+ Kf4 75. Rd8 Re3+ 76. Kf2 Re6 77. Ra8 d5 78. Ra4+
Re4 79. Ra5 Rd4 80. Ke2 Ke4 81. Ra8 Rb4 82. Re8+ Kf4 83. Rd8 Re4+ 84. Kf2 d4
85. Rd7 Ke5 86. Re7+ Kd5 87. Rf7 Re5 88. Rc7 d3 89. Rc8 Kd4 90. Rd8+ Kc3 91.
Rc8+ Kd2 0-1

[Event "2. Bundesliga Ost 2015/2016"]
[Site "Wien"]
[Date "2016.03.06"]
[Round "8"]
[Board "3"]
[White "Ganaus, Hannes"]
[Black "Penz, Harald"]
[Result "1-0"]
[WhiteElo "2279"]
[BlackElo "2329"]
[PlyCount "61"]
[EventDate "2015.10.17"]
[EventType "team"]
[EventRounds "11"]
[EventCountry "AUT"]
[WhiteTeam "ASVOE VHS Poechlarn"]
[BlackTeam "SK Hietzing"]

1. c4 e6 2. d4 d5 3. Nf3 Nf6 4. Bg5 Be7 5. Nc3 O-O 6. e3 h6 7. Bxf6 Bxf6 8. Qd2
b6 9. O-O-O Bb7 10. cxd5 exd5 11. g4 Nd7 12. h4 g6 13. g5 hxg5 14. hxg5 Bxg5
15. Nxg5 Qxg5 16. f4 Qe7 17. Qh2 Qxe3+ 18. Kc2 Kg7 19. Rd3 Qe8 20. Qh6+ Kf6 21.
Rdh3 Rg8 22. Qg5+ Kg7 23. Rh7+ Kf8 24. Bh3 Qe7 25. Qxe7+ Kxe7 26. Re1+ Kd8 27.
Rxf7 Bc8 28. Nxd5 Rh8 29. Bg4 c5 30. Ree7 Nf8 31. Nf6 1-0

[Event "2. Bundesliga Ost 2015/2016"]
[Site "Wien"]
[Date "2016.03.06"]
[Round "8"]
[Board "4"]
[White "Prager, Manfred"]
[Black "Wilke, Werner"]
[Result "0-1"]
[WhiteElo "2004"]
[BlackElo "2260"]
[PlyCount "108"]
[EventDate "2015.10.17"]
[EventType "team"]
[EventRounds "11"]
[EventCountry "AUT"]
[WhiteTeam "SK Hietzing"]
[BlackTeam "ASVOE VHS Poechlarn"]

1. e4 c5 2. Nf3 d6 3. d4 cxd4 4. Nxd4 Nf6 5. Nc3 e5 6. Nb3 Be7 7. Be2 a6 8. O-O
b5 9. a3 Bb7 10. Qd3 Nbd7 11. f4 Rc8 12. Qf3 h5 13. Bd3 Ng4 14. Nd5 g6 15. f5
Bxd5 16. exd5 g5 17. Bd2 Qb6+ 18. Kh1 Bf6 19. Rae1 Kf8 20. Ba5 Qa7 21. Bb4 Nc5
22. Na5 Kg7 23. Nc6 Qb6 24. Ba5 Qb7 25. Bb4 Qb6 26. Ba5 Qb7 27. Bb4 Rhe8 28.
Be4 Qc7 29. Ba5 Qd7 30. Bd2 Rh8 31. h3 Nxe4 32. Rxe4 Nh6 33. Qxh5 Rxc6 34. dxc6
Qxc6 35. Qf3 Qxc2 36. Re2 Qc4 37. Rc1 g4 38. Qe4 Qxe4 39. Rxe4 gxh3 40. Bxh6+
Kxh6 41. gxh3 Kg5 42. Rg4+ Kxf5 43. Kg2 d5 44. Rc7 d4 45. Rxf7 Rc8 46. Kf3 Rc2
47. Rg2 e4+ 48. Kg3 Rc6 49. Rf2+ Kg6 50. Rd7 Be5+ 51. Kg4 e3 52. Re2 Rf6 53.
Rd5 Rf4+ 54. Kg3 Kf5 0-1

[Event "2. Bundesliga Ost 2015/2016"]
[Site "Wien"]
[Date "2016.03.06"]
[Round "8"]
[Board "5"]
[White "Ernst, Michael"]
[Black "Wagner, Stefan"]
[Result "1/2-1/2"]
[WhiteElo "2163"]
[BlackElo "2145"]
[PlyCount "89"]
[EventDate "2015.10.17"]
[EventType "team"]
[EventRounds "11"]
[EventCountry "AUT"]
[WhiteTeam "ASVOE VHS Poechlarn"]
[BlackTeam "SK Hietzing"]

1. d4 Nf6 2. Bf4 g6 3. e3 Bg7 4. h3 d6 5. Nf3 O-O 6. Be2 Nbd7 7. O-O Qe8 8. Bh2
e5 9. c4 Qe7 10. Nc3 c6 11. b4 Rd8 12. Qc2 a5 13. a3 axb4 14. axb4 Rxa1 15.
Rxa1 exd4 16. exd4 Nb6 17. Bd3 Be6 18. Re1 Qd7 19. Ne2 Re8 20. Nf4 Qc8 21. Nxe6
Rxe6 22. Rxe6 Qxe6 23. Qe2 Qxe2 24. Bxe2 Ne4 25. Bd3 d5 26. cxd5 cxd5 27. Ne5
f6 28. Nf3 Kf7 29. Kf1 Ke6 30. Bf4 Bf8 31. Nd2 Nxd2+ 32. Bxd2 Nc4 33. Bc3 b5
34. Ke2 Bh6 35. g3 Bf8 36. h4 f5 37. f3 Bd6 38. Kf2 Kf6 39. Kg2 h5 40. Kh3 Ke6
41. g4 Bf4 42. gxf5+ gxf5 43. Be2 Kf6 44. Kg2 Ne3+ 45. Kf2 1/2-1/2

[Event "2. Bundesliga Ost 2015/2016"]
[Site "Wien"]
[Date "2016.03.06"]
[Round "8"]
[Board "6"]
[White "Stadler, Peter"]
[Black "Schweitzer, Werner"]
[Result "1-0"]
[WhiteElo "2142"]
[BlackElo "2026"]
[PlyCount "97"]
[EventDate "2015.10.17"]
[EventType "team"]
[EventRounds "11"]
[EventCountry "AUT"]
[WhiteTeam "SK Hietzing"]
[BlackTeam "ASVOE VHS Poechlarn"]

1. d4 Nf6 2. Nf3 g6 3. g3 Bg7 4. Bg2 O-O 5. O-O d6 6. c4 Nbd7 7. Nc3 e5 8. h3
c6 9. e4 exd4 10. Nxd4 Re8 11. Be3 Nc5 12. Qc2 Ne6 13. Rad1 Nxd4 14. Bxd4 Qc7
15. Rfe1 Rb8 16. Bxa7 Ra8 17. Be3 Nd7 18. Bd4 Ne5 19. b3 b5 20. cxb5 cxb5 21.
Qb2 Qa5 22. f4 Nd7 23. Bxg7 Kxg7 24. Nxb5+ Kg8 25. a4 Ra6 26. Re2 Nf8 27. Nxd6
Rd8 28. e5 Be6 29. Red2 Qb6+ 30. Kh2 Qxb3 31. Qxb3 Bxb3 32. Rb1 Be6 33. Rb4 f6
34. Bb7 Ra5 35. exf6 Rb8 36. Rdb2 Rd8 37. Rd2 Rb8 38. Rdd4 Nd7 39. Ne4 Kf7 40.
Bc6 Rxb4 41. Rxb4 Nc5 42. Rb5 Rxb5 43. axb5 Nb3 44. b6 Na5 45. Ng5+ Kxf6 46.
Be4 Bc8 47. Bd5 Nb7 48. Ne4+ Ke7 49. Bxb7 1-0

[Event "2. Bundesliga Ost 2015/2016"]
[Site "Wien"]
[Date "2016.03.06"]
[Round "8"]
[Board "1"]
[White "Lipka, Juraj"]
[Black "Stanec, Nikolaus"]
[Result "1/2-1/2"]
[WhiteElo "2411"]
[BlackElo "2457"]
[PlyCount "41"]
[EventDate "2015.10.17"]
[EventType "team"]
[EventRounds "11"]
[EventCountry "AUT"]
[WhiteTeam "ASVOE Pamhagen"]
[BlackTeam "SC Donaustadt"]

1. Nf3 Nf6 2. c4 g6 3. g3 Bg7 4. Bg2 O-O 5. d4 d6 6. O-O c6 7. Nc3 a6 8. d5
cxd5 9. cxd5 Qa5 10. Nd4 Bd7 11. Nb3 Qc7 12. Be3 Rc8 13. Rc1 Qd8 14. h3 Be8 15.
Nd4 Nbd7 16. Qd2 Ne5 17. b3 Qa5 18. Nb1 Qd8 19. Nc3 Qa5 20. Nb1 Qd8 21. Nc3
 1/2-1/2

[Event "2. Bundesliga Ost 2015/2016"]
[Site "Wien"]
[Date "2016.03.06"]
[Round "8"]
[Board "2"]
[White "Pingitzer, Harald"]
[Black "Maslik, Miroslav"]
[Result "1/2-1/2"]
[WhiteElo "2304"]
[BlackElo "2333"]
[PlyCount "94"]
[EventDate "2015.10.17"]
[EventType "team"]
[EventRounds "11"]
[EventCountry "AUT"]
[WhiteTeam "SC Donaustadt"]
[BlackTeam "ASVOE Pamhagen"]

1. Nf3 Nf6 2. d4 c5 3. c3 e6 4. e3 d5 5. Nbd2 Nc6 6. Bd3 Bd6 7. dxc5 Bxc5 8. b4
Be7 9. Bb2 O-O 10. O-O e5 11. b5 e4 12. bxc6 exd3 13. Nd4 Qb6 14. Rb1 bxc6 15.
Ba3 Qc7 16. Bxe7 Qxe7 17. Nxc6 Qc5 18. Nb4 Bf5 19. Nb3 Qc4 20. Nd4 Bg6 21. Nbc6
Rfe8 22. Rb7 Kf8 23. Qc1 Qxa2 24. Qa1 Qxa1 25. Rxa1 Ne4 26. Rb3 a5 27. Rba3 a4
28. Nb4 Nd6 29. Nxd5 Nc4 30. R3a2 Reb8 31. h4 Rb2 32. Rxa4 Rxa4 33. Rxa4 Nb6
34. Nxb6 Rxb6 35. Ra2 Rb1+ 36. Kh2 Rc1 37. g4 Be4 38. Kg3 Rxc3 39. Kf4 Bd5 40.
Ra5 Bb7 41. Ra2 Bd5 42. Rd2 Bc4 43. e4 Rc1 44. Nf3 f6 45. g5 Ke7 46. gxf6+ gxf6
47. e5 Ba6 1/2-1/2

[Event "2. Bundesliga Ost 2015/2016"]
[Site "Wien"]
[Date "2016.03.06"]
[Round "8"]
[Board "3"]
[White "Jacko, Vladimir"]
[Black "Schwab, Rene"]
[Result "1-0"]
[WhiteElo "2339"]
[BlackElo "2214"]
[PlyCount "169"]
[EventDate "2015.10.17"]
[EventType "team"]
[EventRounds "11"]
[EventCountry "AUT"]
[WhiteTeam "ASVOE Pamhagen"]
[BlackTeam "SC Donaustadt"]

1. e4 c6 2. c4 d5 3. cxd5 cxd5 4. exd5 Nf6 5. Nc3 g6 6. Bc4 Bg7 7. Nf3 O-O 8.
O-O Na6 9. d3 Nc7 10. Qb3 Nce8 11. Re1 Nd6 12. Bf4 b6 13. Ne5 Bd7 14. Nc6 Bxc6
15. dxc6 a6 16. Nd5 Nxd5 17. Bxd5 Rc8 18. Rac1 e6 19. Bf3 Nb5 20. c7 Qd4 21.
Be3 Qd6 22. Rc6 Qd7 23. Bxb6 Bd4 24. a4 Bxb6 25. axb5 Qd4 26. Qc2 axb5 27. Re4
Qd7 28. Rxb6 Rxc7 29. Qd2 Rfc8 30. Re1 Rc2 31. Qe3 Rxb2 32. Qe5 Rb4 33. Rb8 Qd8
34. Rxc8 Qxc8 35. h3 Qd8 36. Rc1 Rd4 37. Qxb5 Rxd3 38. Qb7 Qd4 39. Qa8+ Kg7 40.
Qa1 Qxa1 41. Rxa1 Rd7 42. Ra8 Rc7 43. g4 h6 44. Kg2 Rd7 45. Kg3 Rc7 46. Rb8 Rc3
47. Rb7 Kf6 48. Kg2 Kg7 49. Bd1 Kf8 50. f3 Rd3 51. Be2 Rd2 52. Kf2 Ra2 53. Ke3
Ra4 54. Bd3 Ra1 55. Rb1 Ra2 56. Kf4 Kg7 57. Rb7 Ra3 58. Bb5 Ra8 59. Bd7 Kf6 60.
h4 g5+ 61. Kg3 Rd8 62. h5 Ra8 63. Bc6 Ra2 64. Be8 Kg7 65. Rxf7+ Kh8 66. Rf6 Kg7
67. Rxe6 Rb2 68. Bg6 Rb7 69. Be4 Rb2 70. Rg6+ Kh8 71. Rxh6+ Kg7 72. Rg6+ Kh8
73. Rc6 Rb8 74. f4 Rb4 75. Re6 gxf4+ 76. Kxf4 Rb8 77. g5 Rf8+ 78. Bf5 Ra8 79.
g6 Ra1 80. Re8+ Kg7 81. Re7+ Kf8 82. Rb7 Ra6 83. h6 Ra1 84. g7+ Kg8 85. h7# 1-0

[Event "2. Bundesliga Ost 2015/2016"]
[Site "Wien"]
[Date "2016.03.06"]
[Round "8"]
[Board "4"]
[White "Schwab, Lukas"]
[Black "Vitouch, Anatol"]
[Result "1/2-1/2"]
[WhiteElo "2155"]
[BlackElo "2254"]
[PlyCount "130"]
[EventDate "2015.10.17"]
[EventType "team"]
[EventRounds "11"]
[EventCountry "AUT"]
[WhiteTeam "SC Donaustadt"]
[BlackTeam "ASVOE Pamhagen"]

1. e4 c5 2. Nf3 g6 3. d4 cxd4 4. Nxd4 Bg7 5. c4 Nc6 6. Be3 Nf6 7. Nc3 Ng4 8.
Qxg4 Nxd4 9. Qd1 Ne6 10. Rc1 d6 11. Qd2 Bd7 12. Be2 a5 13. b3 Bc6 14. f3 O-O
15. h4 f5 16. exf5 gxf5 17. Nd5 Qe8 18. h5 f4 19. Nxf4 Nxf4 20. Bxf4 Qf7 21.
Bh6 Bxh6 22. Qxh6 Qf5 23. Rh4 Kh8 24. Rd1 Rf6 25. Qd2 Rg8 26. Kf1 Rg5 27. Bd3
Qe5 28. Qf2 Qc3 29. Qe3 Re5 30. Qd2 Qxd2 31. Rxd2 Rg5 32. Kf2 e5 33. Re2 Kg7
34. Be4 Kh6 35. g4 Rg7 36. Ke3 Rf4 37. Bxc6 bxc6 38. Rd2 Rd7 39. Rh1 d5 40.
cxd5 cxd5 41. Rc1 d4+ 42. Ke2 e4 43. fxe4 Rxe4+ 44. Kf3 Re3+ 45. Kg2 a4 46.
bxa4 Kg5 47. Rc4 Re4 48. a5 Kxg4 49. h6 Kf4 50. Kf2 Rf7 51. a6 Ke5+ 52. Kg2 Kd5
53. Rb4 Ra7 54. Rb7 Rxa6 55. Rxh7 Rg6+ 56. Kf1 Rh4 57. Rd7+ Rd6 58. Rxd6+ Kxd6
59. Kg1 Rxh6 60. Rxd4+ Kc5 61. Rg4 Rf6 62. a4 Kb6 63. Rg5 Rf4 64. a5+ Ka6 65.
Kg2 Ra4 1/2-1/2

[Event "2. Bundesliga Ost 2015/2016"]
[Site "Wien"]
[Date "2016.03.06"]
[Round "8"]
[Board "5"]
[White "Alvir, Aco"]
[Black "Hansen, Kay"]
[Result "0-1"]
[WhiteElo "2368"]
[BlackElo "2128"]
[PlyCount "74"]
[EventDate "2015.10.17"]
[EventType "team"]
[EventRounds "11"]
[EventCountry "AUT"]
[WhiteTeam "ASVOE Pamhagen"]
[BlackTeam "SC Donaustadt"]

1. e4 c6 2. d4 d5 3. Nd2 dxe4 4. Nxe4 Bf5 5. Ng3 Bg6 6. h4 h6 7. Nf3 Nd7 8. h5
Bh7 9. Bd3 Bxd3 10. Qxd3 Qc7 11. Bd2 e6 12. O-O-O Ngf6 13. Ne4 Nxe4 14. Qxe4
Nf6 15. Qe2 Be7 16. Kb1 c5 17. dxc5 Bxc5 18. Bc3 Qb6 19. Ne5 Ke7 20. Nc4 Qb5
21. a4 Qxa4 22. b3 Qc6 23. Na5 Qc7 24. Qb5 Rhc8 25. Qxb7 Nd5 26. Qxc7+ Rxc7 27.
Be5 Rcc8 28. c4 Nf6 29. Nb7 Ng4 30. Nxc5 Nxe5 31. Nd3 Nc6 32. Rh4 a5 33. Rg4 a4
34. b4 Rd8 35. Kc2 a3 36. Re4 Rxd3 37. Kxd3 Rd8+ 0-1

[Event "2. Bundesliga Ost 2015/2016"]
[Site "Wien"]
[Date "2016.03.06"]
[Round "8"]
[Board "6"]
[White "Hofbauer, Peter"]
[Black "Rubil, Marko"]
[Result "0-1"]
[WhiteElo "2036"]
[BlackElo "2217"]
[PlyCount "80"]
[EventDate "2015.10.17"]
[EventType "team"]
[EventRounds "11"]
[EventCountry "AUT"]
[WhiteTeam "SC Donaustadt"]
[BlackTeam "ASVOE Pamhagen"]

1. e4 e5 2. Nf3 Nc6 3. Bc4 Bc5 4. c3 Nf6 5. d3 a6 6. Bb3 d6 7. h3 Ba7 8. Nbd2
O-O 9. Nf1 Ne7 10. Ng3 Ng6 11. O-O Be6 12. Bc2 d5 13. d4 exd4 14. e5 Ne4 15.
Nxe4 dxe4 16. Bxe4 dxc3 17. bxc3 Qc8 18. Qe2 Bf5 19. Re1 Re8 20. Bxf5 Qxf5 21.
Be3 Bxe3 22. Qxe3 h6 23. Rad1 Re7 24. Qe4 Rae8 25. Qb4 c6 26. Qb3 Nf4 27. Re3
Qg6 28. Ne1 Rxe5 29. Qxb7 Nxh3+ 30. Rxh3 Rxe1+ 31. Rxe1 Rxe1+ 32. Kh2 Qf6 33.
Qxa6 Qf4+ 34. Rg3 Qh4+ 35. Rh3 Qf4+ 36. Rg3 Qxf2 37. Rf3 Qh4+ 38. Rh3 Qf4+ 39.
Rg3 h5 40. Qd3 h4 0-1

[Event "2. Bundesliga Ost 2015/2016"]
[Site "Wien"]
[Date "2016.03.06"]
[Round "8"]
[Board "1"]
[White "Zilka, Stepan"]
[Black "Chytilek, Roman"]
[Result "1-0"]
[WhiteElo "2520"]
[BlackElo "2345"]
[PlyCount "75"]
[EventDate "2015.10.17"]
[EventType "team"]
[EventRounds "11"]
[EventCountry "AUT"]
[WhiteTeam "Blackburne Nickelsdorf"]
[BlackTeam "SV Stockerau"]

1. d4 Nf6 2. c4 g6 3. Nc3 Bg7 4. e4 d6 5. Nf3 O-O 6. Be2 c5 7. d5 e6 8. O-O
exd5 9. cxd5 Bg4 10. Nd2 Bxe2 11. Qxe2 Na6 12. Nc4 Nc7 13. Bf4 Nfe8 14. a4 f5
15. e5 dxe5 16. Bxe5 Nxd5 17. Rad1 Nxc3 18. Bxc3 Qc7 19. Rfe1 Bxc3 20. bxc3 Nf6
21. Nd6 Rad8 22. Qe6+ Kg7 23. f3 c4 24. Rd4 b6 25. Red1 Qc5 26. Kf1 h5 27. Qe7+
Kh6 28. Nxf5+ Qxf5 29. Rxd8 Rxd8 30. Qxd8 h4 31. Qd2+ Kg7 32. h3 a6 33. Qd4 b5
34. axb5 axb5 35. Qxh4 Qc2 36. Qd4 Kf7 37. Qa7+ Ke6 38. Re1+ 1-0

[Event "2. Bundesliga Ost 2015/2016"]
[Site "Wien"]
[Date "2016.03.06"]
[Round "8"]
[Board "2"]
[White "Groetz, Harald"]
[Black "Schwarhofer, Christopher"]
[Result "1-0"]
[WhiteElo "2282"]
[BlackElo "2378"]
[PlyCount "57"]
[EventDate "2015.10.17"]
[EventType "team"]
[EventRounds "11"]
[EventCountry "AUT"]
[WhiteTeam "SV Stockerau"]
[BlackTeam "Blackburne Nickelsdorf"]

1. e4 e6 2. d4 d5 3. Nd2 c5 4. exd5 Qxd5 5. Ngf3 cxd4 6. Bc4 Qd6 7. O-O Nf6 8.
Nb3 a6 9. Nbxd4 b5 10. Bb3 Be7 11. Re1 O-O 12. Ne5 Rd8 13. c3 Ra7 14. Bf4 Qb6
15. Qe2 Nd5 16. Bg3 Bc5 17. Rad1 Nf6 18. Bh4 Be7 19. Rd3 a5 20. Nxb5 Ba6 21.
Nxa7 Bxd3 22. Nxd3 Qxa7 23. Ne5 a4 24. Nxf7 Kxf7 25. Qxe6+ Kg6 26. Bc2+ Kh6 27.
Bg5+ Kxg5 28. Re5+ Kh6 29. Qh3+ 1-0

[Event "2. Bundesliga Ost 2015/2016"]
[Site "Wien"]
[Date "2016.03.06"]
[Round "8"]
[Board "3"]
[White "Lendwai, Reinhard"]
[Black "Stanivukovic, Drago"]
[Result "1-0"]
[WhiteElo "2360"]
[BlackElo "1928"]
[PlyCount "107"]
[EventDate "2015.10.17"]
[EventType "team"]
[EventRounds "11"]
[EventCountry "AUT"]
[WhiteTeam "Blackburne Nickelsdorf"]
[BlackTeam "SV Stockerau"]

1. d4 d6 2. e4 Nf6 3. Nc3 g6 4. Be3 Bg7 5. f3 c6 6. Qd2 h6 7. Nge2 Nbd7 8. a4
a5 9. Rd1 Qc7 10. g4 e5 11. Bg2 Rb8 12. O-O g5 13. b3 Nf8 14. d5 c5 15. Nb5 Qd8
16. Nec3 Ng6 17. Nb1 b6 18. Na7 Qc7 19. Nc6 Ra8 20. Na3 Ba6 21. Rf2 Nf4 22. Bf1
Bxf1 23. Kxf1 h5 24. Bxf4 exf4 25. Nb5 Qd7 26. e5 dxe5 27. Nxe5 Qd8 28. Nc6 Qd7
29. Re2+ Kf8 30. Re7 Qxd5 31. Qxd5 Nxd5 32. Rxd5 Bf6 33. Re2 hxg4 34. fxg4 Rh4
35. Ne5 Kg7 36. Nd6 Rh3 37. Nf5+ Kg8 38. Nd7 Bc3 39. Ne7+ Kh7 40. Rf5 f6 41.
Nxf6+ Kh8 42. Nh5 Rd8 43. Kg2 Re3 44. Rxe3 fxe3 45. Kf3 Rd1 46. Nd5 Bd4 47.
Nxe3 Re1 48. Nd5 Rc1 49. c4 Rb1 50. Ke4 Rxb3 51. Rf7 Rb2 52. Ndf6 Bxf6 53. Nxf6
Rxh2 54. Kf5 1-0

[Event "2. Bundesliga Ost 2015/2016"]
[Site "Wien"]
[Date "2016.03.06"]
[Round "8"]
[Board "4"]
[White "Schmid, Thomas"]
[Black "Vlcek, Stanislav"]
[Result "1/2-1/2"]
[WhiteElo "2123"]
[BlackElo "2286"]
[PlyCount "84"]
[EventDate "2015.10.17"]
[EventType "team"]
[EventRounds "11"]
[EventCountry "AUT"]
[WhiteTeam "SV Stockerau"]
[BlackTeam "Blackburne Nickelsdorf"]

1. e4 c5 2. Nf3 e6 3. g3 Nc6 4. Bg2 g6 5. O-O Bg7 6. c3 e5 7. d3 Nf6 8. Na3 O-O
9. Nc4 d6 10. a3 b5 11. Ne3 a5 12. a4 b4 13. Re1 Rb8 14. Qc2 h6 15. Bd2 Be6 16.
c4 Nd7 17. Nh4 Nd4 18. Qd1 Kh7 19. Nd5 Nf6 20. Be3 Ng4 21. h3 Nxe3 22. fxe3 Nc6
23. Rf1 Qg5 24. Qe1 Rbc8 25. g4 Qd8 26. b3 Ne7 27. Nxe7 Qxe7 28. Qg3 Qg5 29.
Rae1 Rc7 30. Nf3 Qe7 31. Nh4 Bf6 32. Nf3 Kg7 33. h4 Qd7 34. Nh2 Qd8 35. Nf3 Be7
36. Bh3 Qd7 37. Kg2 Rh8 38. Re2 Rcc8 39. Ref2 f6 40. Ng1 Rcf8 41. Rf3 Rf7 42.
R1f2 Bd8 1/2-1/2

[Event "2. Bundesliga Ost 2015/2016"]
[Site "Wien"]
[Date "2016.03.06"]
[Round "8"]
[Board "5"]
[White "Bachofner, Andreas"]
[Black "Pernerstorfer, Johannes"]
[Result "1-0"]
[WhiteElo "2201"]
[BlackElo "1997"]
[PlyCount "111"]
[EventDate "2015.10.17"]
[EventType "team"]
[EventRounds "11"]
[EventCountry "AUT"]
[WhiteTeam "Blackburne Nickelsdorf"]
[BlackTeam "SV Stockerau"]

1. e4 c5 2. Nf3 Nc6 3. Nc3 e5 4. Bc4 Be7 5. d3 d6 6. h3 Nf6 7. O-O O-O 8. a4
Nd4 9. Nd5 Nxd5 10. Bxd5 Rb8 11. c3 Ne6 12. Be3 Kh8 13. d4 exd4 14. cxd4 b6 15.
Qd2 Bf6 16. Bc4 Bb7 17. d5 Nc7 18. Nh2 Qe7 19. f3 h5 20. Rfe1 Qe5 21. Re2 Rbd8
22. Bd3 g5 23. f4 gxf4 24. Bxf4 Qd4+ 25. Be3 Qb4 26. Qxb4 cxb4 27. Rf1 Kg7 28.
Ref2 Be5 29. Rf5 f6 30. Rxh5 Rh8 31. Rxh8 Rxh8 32. Rc1 Rc8 33. b3 Na6 34. Rxc8
Bxc8 35. Nf3 Bc3 36. Nd4 Nc5 37. Bc2 Bd7 38. Nf5+ Bxf5 39. exf5 a5 40. Kf2 Be5
41. Ke2 Kf7 42. Kf3 Bc3 43. g4 Be5 44. h4 Kg7 45. g5 Bc3 46. g6 Be1 47. h5 Bc3
48. h6+ Kg8 49. Kg4 Nd7 50. Kh5 Be5 51. Bd3 Nc5 52. Bb5 Nxb3 53. Be8 Bd4 54.
Bf7+ Kf8 55. h7 Kg7 56. Bh6+ 1-0

[Event "2. Bundesliga Ost 2015/2016"]
[Site "Wien"]
[Date "2016.03.06"]
[Round "8"]
[Board "6"]
[White "Enkhjargal, Budjav"]
[Black "Kuntner, Reinhard"]
[Result "1-0"]
[WhiteElo "1981"]
[BlackElo "2102"]
[PlyCount "91"]
[EventDate "2015.10.17"]
[EventType "team"]
[EventRounds "11"]
[EventCountry "AUT"]
[WhiteTeam "SV Stockerau"]
[BlackTeam "Blackburne Nickelsdorf"]

1. d4 Nf6 2. Bg5 d5 3. Bxf6 exf6 4. e3 g6 5. Nf3 Bg7 6. c4 dxc4 7. Bxc4 O-O 8.
Qb3 Nc6 9. Bd3 Re8 10. O-O Rb8 11. Nbd2 Be6 12. Qc3 Ne7 13. Nb3 b6 14. Qd2 a5
15. Qc2 Nd5 16. a3 Bh6 17. Rfe1 Bd7 18. Nbd2 c6 19. Rac1 Bg7 20. e4 Nf4 21. Bf1
f5 22. e5 Bf8 23. Nc4 Be6 24. Qd2 Nd5 25. Ng5 Kg7 26. g3 h6 27. Nxe6+ fxe6 28.
Bg2 Be7 29. Ne3 Nxe3 30. Rxe3 c5 31. Rd3 Qc7 32. d5 Qxe5 33. Re1 Qf6 34. Rxe6
Qf7 35. Rb3 Bg5 36. Qe2 Bf6 37. Rbe3 Rxe6 38. dxe6 Qe7 39. Rd3 Bd4 40. Rxd4
cxd4 41. Qe5+ Kh7 42. Qxb8 Qxe6 43. Qb7+ Kh8 44. Qd5 Qe1+ 45. Bf1 Qd1 46. Kg2
 1-0

[Event "2. Bundesliga Ost 2015/2016"]
[Site "Wien"]
[Date "2016.03.06"]
[Round "8"]
[Board "1"]
[White "Pacher, Milan"]
[Black "Szabo, Krisztian"]
[Result "1/2-1/2"]
[WhiteElo "2471"]
[BlackElo "2513"]
[PlyCount "34"]
[EventDate "2015.10.17"]
[EventType "team"]
[EventRounds "11"]
[EventCountry "AUT"]
[WhiteTeam "SK Austria"]
[BlackTeam "ASVOE Mattersburg"]

1. e4 e5 2. Nf3 Nc6 3. Bb5 a6 4. Ba4 d6 5. c3 f5 6. exf5 Bxf5 7. O-O Bd3 8. Re1
Be7 9. Bc2 Bxc2 10. Qxc2 Nf6 11. d4 e4 12. Ng5 d5 13. Nd2 h6 14. Nh3 O-O 15. f3
exf3 16. Nxf3 Qd7 17. Qg6 Qe8 1/2-1/2